00559cam a2200193 a 4500020001500000040000800015082002600023245003000049260004700079300002800126500006000154650002000214650001800234650001300252650002400265650003600289700002000325710002000345 a0797423427 cDLC a370 SIL 2003 A076 Or.00aAdvocacy training manual. aHarare, Zimbabwe :bSilveira House,c2003. a72 p. :bill. ;c30 cm. a"This book was compiled by Ronah Mugadza ... [et al.]." 0aSocial advocacy 0aSocial action 0aLobbying 0aPolitical activists 0aCommunity development personnel1 aMugadza, Ronah.2 aSilveira House.